Statistics for Fads of the 1980s

Click here to take the quiz!

General Stats

  • This quiz has been taken 30,742 times
  • The average score is 13 of 20

Answer Stats

Clue Fad % Correct
Multi-colored puzzle cubeRubik's Cube
98%
Backwards Michael Jackson danceMoonwalk
92%
Toys that could change from robot to vehicleTransformers
90%
Portable Sony cassette playerWalkman
85%
Portable stereo you might carry on your shoulderBoom Box
83%
Video game with ghosts and power pelletsPac-Man
83%
A sign in your car's window that tells other drivers about your new family memberBaby on Board
76%
Women's fashion accessory to look more like a linebackerShoulder Pads
73%
Restaurant area where you could help yourselves to greens, even at WendysSalad Bars
72%
Wedge-based trivia gameTrivial Pursuit
71%
Cloth dolls that were the must-have Christmas giftCabbage Patch Kids
69%
Beanbag that you kicked aroundHacky Sack
68%
This actress had a best-selling workout tapeJane Fonda
59%
A brand of watch that rhymes with watchSwatch
56%
These jeans were bleached white to look more worn out{Stone}-Washed Jeans
56%
This sub-group was young, they lived in cities, and they had good careersYuppies
48%
This style of speaking was, like, totally radicalValley Girl speak
46%
What schoolchildren used to organize their papers{Trapper} Keepers
40%
Gross-out trading cards that parodied the aboveGarbage Pail Kids
37%
"Exclusive" brand of jacketMembers Only Jackets
28%

Score Distribution

Percentile by Number Answered

Percent of People with Each Score

Your Score History

You have not taken this quiz